000 00432nam a2200181Ia 4500
005 20251020182611.0
008 200515s9999 xx 000 0 und d
082 _aSC/631.4/A49/1994
110 _aAmerican Society for Testing and Materials
245 0 _aConstruction : Soil and Rock
260 _aPhiladelphia
260 _c1993
650 _aASTM
650 _aNORMAS
650 _aROCAS
650 _aSUELOS
942 _cLIB
999 _c3333
_d3333